LEADER 00797nam0 2200241 450 001 000029425 005 20111129150900.0 100 $a20111118d1960----km-y0itaa50------ba 101 0 $aeng 102 $aUS 200 1 $aTwo weeks in another town$fIrwin Shaw 210 $aNew York$cRandom House$dc1960 215 $a372 p.$d23 cm. 700 1$aShaw,$bIrwin$0439199 801 0$aIT$bUniversità della Basilicata - B.I.A.$gRICA$2unimarc 912 $a000029425 996 $aTwo weeks in another town$992936 997 $aUNIBAS BAS $aLETTERE CAT $aSTD075$b01$c20111118$lBAS01$h0805 CAT $aTTM$b30$c20111129$lBAS01$h1509 FMT Z30 -1$lBAS01$LBAS01$mBOOK$1BASA1$APolo Storico-Umanistico$2FAA$BFondo anglo-americano$3FM/4367$64367$5L4367$820111118$f04$FPrestabile Didattica